[Event "8.Open B Week-End"]
[Site "Padova"]
[Date "2005.12.11"]
[Round "3.15"]
[White "Pirpamper, Klaus"]
[Black "Chiodini, Pietro"]
[Result "1-0"]
[WhiteElo "1952"]
[BlackElo "1703"]
[Annotator "Gabriele Ballarin"]
[PlyCount "83"]
[EventDate "2005.12.10"]
[EventType "swiss"]
[EventRounds "6"]
[EventCountry "ITA"]

1. d4 d5 2. c4 dxc4 3. Nf3 c5 4. d5 Nf6 5. Nc3 e6 6. e4 Nxe4 7. Nxe4 exd5 8. Ng3 Be6 9. Qa4+ Nc6 10. Ne5 Qb6 11. Nxc6 bxc6 12. Qc2 g6 13. Be2 Bg7 14. O-O O-O-O 15. Rb1 h5 16. Bg5 h4 17. Bxd8 Qxd8 18. Ne4 Bf5 19. f3 Bd4+ 20. Kh1 Qe7 21. Qa4 Qc7 22. Bxc4 dxe4 23. fxe4 Bxe4 24. Rxf7 Qxf7 25. Bxf7 h3 26. Be6+ Kd8 27. Bxh3 Rxh3 28. Re1 Rf3 29. Qa5+ Kd7 30. Qxa7+ Kd6 31. Qa6 Bd5 32. Qe2 Re3 33. Qd2 Rf3 34. Qg5 Rf6 35. b3 Kc7 36. h4 Kb6 37. Re2 Kb5 38. Kh2 c4 39. bxc4+ Kxc4 40. Rc2+ Kb5 41. Rd2 Kc5 42. Rxd4 1-0

[Event "8.Open B Week-End"]
[Site "Padova"]
[Date "2005.12.11"]
[Round "3.16"]
[White "You, Zi Chih Stefano"]
[Black "Zanirato, Stefano"]
[Result "1-0"]
[WhiteElo "1733"]
[BlackElo "1947"]
[Annotator "Gabriele Ballarin"]
[PlyCount "121"]
[EventDate "2005.12.10"]
[EventType "swiss"]
[EventRounds "6"]
[EventCountry "ITA"]

1. e4 Nc6 2. d4 d5 3. Nc3 Nf6 4. e5 Ng8 5. Nf3 Bf5 6. Bd3 Bxd3 7. Qxd3 e6 8. a3 a6 9. O-O Be7 10. Re1 g5 11. Ne2 h5 12. c4 g4 13. Nd2 Nh6 14. b4 Nf5 15. Bb2 Bg5 16. Rad1 h4 17. cxd5 Qxd5 18. Ne4 h3 19. N2c3 Qd8 20. Nxg5 Qxg5 21. Ne4 Qg6 22. g3 O-O-O 23. Qc4 Nfe7 24. b5 axb5 25. Qxb5 Rd5 26. Nc5 Rxc5 27. Qxc5 Nd5 28. Rc1 Qf5 29. Qc2 Qf3 30. Qe4 Qb3 31. Qe2 Rg8 32. Red1 Nb6 33. Rd3 Qd5 34. f3 Nc4 35. Ba1 Rd8 36. Qe4 Qxe4 37. fxe4 N6xe5 38. Rdc3 Nf3+ 39. Rxf3 gxf3 40. Rd1 Ne5 41. Kf2 Nc4 42. a4 e5 43. d5 f6 44. Kxf3 Rd6 45. Bc3 Ra6 46. a5 Nxa5 47. Bxa5 Rxa5 48. Rd2 b5 49. Kg4 Ra4 50. Kf5 Ra6 51. Rb2 Rb6 52. Kg4 b4 53. Kxh3 b3 54. Kg4 Kd7 55. Kf5 Ke7 56. h4 Kf7 57. g4 Kg7 58. g5 fxg5 59. hxg5 Kf7 60. Kxe5 Kg6 61. Kf4 1-0

[Event "8.Open B Week-End"]
[Site "Padova"]
[Date "2005.12.11"]
[Round "3.17"]
[White "Mihalcea, Vasile"]
[Black "Demiraj, Rumi"]
[Result "0-1"]
[WhiteElo "1685"]
[BlackElo "1925"]
[Annotator "Gabriele Ballarin"]
[PlyCount "46"]
[EventDate "2005.12.10"]
[EventType "swiss"]
[EventRounds "6"]
[EventCountry "ITA"]

1. e4 c6 2. Nc3 d5 3. Qf3 d4 4. Nce2 e5 5. Ng3 Nf6 6. Bc4 b5 7. Bb3 Na6 8. a3 Nc5 9. Ba2 Bg4 10. d3 Bxf3 11. Nxf3 Be7 12. Nxe5 O-O 13. Nf5 Rc8 14. Nf3 h6 15. N3xd4 Nb7 16. Bd2 a5 17. g4 Bc5 18. Nf3 Kh7 19. h4 Nd6 20. O-O-O Nxf5 21. exf5 b4 22. g5 bxa3 23. gxh6 Bxf2 {Nur} 0-1

[Event "8.Open B Week-End"]
[Site "Padova"]
[Date "2005.12.11"]
[Round "3.18"]
[White "Pomaro, Stefano"]
[Black "Menini, Luca"]
[Result "0-1"]
[WhiteElo "1919"]
[BlackElo "1652"]
[Annotator "Gabriele Ballarin"]
[PlyCount "80"]
[EventDate "2005.12.10"]
[EventType "swiss"]
[EventRounds "6"]
[EventCountry "ITA"]

1. e4 e6 2. Bb5 c6 3. Ba4 d5 4. e5 b5 5. Bb3 c5 6. c3 Nc6 7. d4 cxd4 8. cxd4 a5 9. Nf3 Ba6 10. O-O Qb6 11. Nc3 Nge7 12. Bc2 Ng6 13. h4 Be7 14. g3 h5 15. Be3 Qb7 16. Re1 Rc8 17. Bxg6 fxg6 18. Qd3 O-O 19. Ng5 Bxg5 20. Bxg5 b4 21. Qxg6 bxc3 22. bxc3 Qf7 23. Qxf7+ Kxf7 24. Rab1 Rb8 25. Kg2 Bd3 26. Rbd1 Bc4 27. Rd2 Rb7 28. f4 Ne7 29. Kf3 Rfb8 30. g4 hxg4+ 31. Kxg4 Nf5 32. h5 Rb2 33. Rxb2 Rxb2 34. Kf3 a4 35. Rh1 Be2+ 36. Kg2 Bxh5+ 37. Kh3 g6 38. Rc1 Be2 39. Bf6 Ng7 40. Kh4 Nh5 0-1

[Event "8.Open B Week-End"]
[Site "Padova"]
[Date "2005.12.11"]
[Round "3.19"]
[White "Adami, Igor"]
[Black "Busi, Massimo"]
[Result "1/2-1/2"]
[WhiteElo "1616"]
[BlackElo "1849"]
[Annotator "Gabriele Ballarin"]
[PlyCount "95"]
[EventDate "2005.12.10"]
[EventType "swiss"]
[EventRounds "6"]
[EventCountry "ITA"]

1. d4 d5 2. c4 e5 3. dxe5 d4 4. Nf3 Nc6 5. e3 Bb4+ 6. Bd2 dxe3 7. fxe3 Nge7 8. Be2 O-O 9. O-O Bxd2 10. Qxd2 Qxd2 11. Nbxd2 Ng6 12. Rad1 Ncxe5 13. Nxe5 Nxe5 14. Nf3 Bg4 15. h3 Bxf3 16. Bxf3 c6 17. b3 Rfe8 18. Kf2 f6 19. Rd6 Kf7 20. Rfd1 Ke7 21. Kg3 Red8 22. Rxd8 Rxd8 23. Rxd8 Kxd8 24. Be4 g6 25. Kf4 Ke7 26. g4 Ke6 27. h4 a5 28. a4 b6 29. Bc2 Nd7 30. Ke4 Kd6 31. Kd4 Ne5 32. Bd1 Nf7 33. Be2 Nd8 34. Bf3 Ne6+ 35. Kc3 Kc5 36. Bg2 g5 37. h5 Nf8 38. Be4 h6 39. Bf5 Kd6 40. Kd4 c5+ 41. Ke4 Ne6 42. Bg6 Nd8 43. Kf5 Ke7 44. Bh7 Kf7 45. Bg6+ Ke7 46. Bh7 Kf7 47. Bg6+ Ke7 48. Bh7 1/2-1/2

[Event "8.Open B Week-End"]
[Site "Padova"]
[Date "2005.12.11"]
[Round "3.20"]
[White "Borsato, Mirko"]
[Black "Pedrotti, Luciano"]
[Result "1-0"]
[WhiteElo "1613"]
[BlackElo "1863"]
[Annotator "Gabriele Ballarin"]
[PlyCount "59"]
[EventDate "2005.12.10"]
[EventType "swiss"]
[EventRounds "6"]
[EventCountry "ITA"]

1. Nf3 Nc6 2. d4 d5 3. Bg5 h6 4. Bh4 Nf6 5. Bxf6 exf6 6. e3 Bd6 7. Nc3 Bb4 8. Bb5 Bd7 9. a3 Bxc3+ 10. bxc3 O-O 11. h3 Ne7 12. Bd3 Bf5 13. Rb1 Rb8 14. Rb2 c6 15. O-O Bg6 16. Qb1 Qc7 17. Qa2 b5 18. Rfb1 Bf5 19. Nd2 Be6 20. Nb3 Qc8 21. Bf1 Nf5 22. Nc5 Nd6 23. a4 a6 24. axb5 axb5 25. Ra1 Ra8 26. Qb1 Rxa1 27. Qxa1 f5 28. Ra2 Ne4 29. Nd3 g5 30. Ra7 {Nur} 1-0

[Event "8.Open B Week-End"]
[Site "Padova"]
[Date "2005.12.11"]
[Round "3.22"]
[White "Tomio, Dante"]
[Black "Xhani, Bujar"]
[Result "0-1"]
[WhiteElo "1831"]
[BlackElo "1596"]
[Annotator "Gabriele Ballarin"]
[PlyCount "36"]
[EventDate "2005.12.10"]
[EventType "swiss"]
[EventRounds "6"]
[EventCountry "ITA"]

1. d4 Nf6 2. Nf3 d6 3. c4 Nbd7 4. Nc3 c6 5. e4 e5 6. Be2 Be7 7. O-O O-O 8. h3 h6 9. Be3 Re8 10. dxe5 dxe5 11. Qc2 Qc7 12. Rfd1 Bc5 13. Bxc5 Nxc5 14. b4 Ne6 15. Rd2 Nf4 16. Rad1 Qb6 17. b5 Nxe2+ 18. Rxe2 c5 {Nur} 0-1

[Event "8.Open B Week-End"]
[Site "Padova"]
[Date "2005.12.11"]
[Round "3.23"]
[White "Menin, Massimo"]
[Black "Danese, Aldo"]
[Result "0-1"]
[WhiteElo "1523"]
[BlackElo "1829"]
[Annotator "Gabriele Ballarin"]
[PlyCount "107"]
[EventDate "2005.12.10"]
[EventType "swiss"]
[EventRounds "6"]
[EventCountry "ITA"]

1. Nf3 b6 2. d4 e6 3. g3 Bb7 4. Bg2 f5 5. c4 Nf6 6. Nc3 Be7 7. O-O O-O 8. Bf4 Re8 9. Nb5 Na6 10. a3 Nh5 11. Qc1 d6 12. Bg5 Nf6 13. Nc3 h6 14. Bxh6 gxh6 15. Qxh6 Bf8 16. Qg6+ Bg7 17. Ng5 Bxg2 18. Kxg2 Qe7 19. d5 Nc5 20. b4 Nce4 21. Ncxe4 exd5 22. Nxf6+ Qxf6 23. Qh7+ Kf8 24. Qh4 Qg6 25. Ra2 dxc4 26. Rc1 Bh6 27. f4 b5 28. a4 a6 29. axb5 axb5 30. Rcc2 d5 31. Rxa8 Rxa8 32. Rd2 c6 33. Nf3 Bg7 34. Ne5 Bxe5 35. fxe5 Re8 36. Qh8+ Kf7 37. Qh4 Rxe5 38. Qd8 Re7 39. Qb8 Qe6 40. Qh8 Qe4+ 41. Kf2 Qe3+ 42. Kg2 Qxd2 43. Qh7+ Kf6 44. Qh8+ Ke6 45. Qc8+ Ke5 46. Qh8+ Ke6 47. Qc8+ Kf6 48. Qh8+ Kf7 49. Qh5+ Ke6 50. Qg6+ Ke5 51. Qh5 Re6 52. Qh8+ Ke4 53. Qh4+ f4 54. Qh7+ 0-1

[Event "8.Open B Week-End"]
[Site "Padova"]
[Date "2005.12.11"]
[Round "3.24"]
[White "Calicchia, Giovanni"]
[Black "Mancin, Michele"]
[Result "1-0"]
[WhiteElo "1808"]
[BlackElo "1862"]
[Annotator "Gabriele Ballarin"]
[PlyCount "89"]
[EventDate "2005.12.10"]
[EventType "swiss"]
[EventRounds "6"]
[EventCountry "ITA"]

1. e4 c5 2. Nc3 d6 3. g3 Nf6 4. Bg2 e6 5. Nge2 Nc6 6. d4 cxd4 7. Nxd4 Nxd4 8. Qxd4 e5 9. Qd3 h6 10. O-O Be7 11. h3 Be6 12. Rd1 a6 13. Be3 Qd7 14. Kh2 Rc8 15. f4 g5 16. fxe5 dxe5 17. Qe2 Qc6 18. Rac1 Bc4 19. Qf2 Bb4 20. Nd5 Nxd5 21. exd5 Qg6 22. b3 Bb5 23. c4 Bd7 24. Rf1 f5 25. Qb2 Qf6 26. a3 Be7 27. c5 f4 28. gxf4 gxf4 29. d6 Bd8 30. Rce1 Rg8 31. Bxf4 Be6 32. Qxe5 Kd7 33. Bxb7 Qxe5 34. Bxc8+ Kxc8 35. Rxe5 Kd7 36. b4 Bf6 37. Ree1 Bd5 38. Rg1 Rf8 39. Bxh6 Rf7 40. h4 Bxh4 41. Ref1 Bf6 42. Rxf6 Rxf6 43. Rg7+ Bf7 44. Bg5 Rf2+ 45. Kg3 1-0

[Event "8.Open B Week-End"]
[Site "Padova"]
[Date "2005.12.11"]
[Round "3.25"]
[White "Fracasso Pezzolato, Michele"]
[Black "Banovi, Alit"]
[Result "0-1"]
[WhiteElo "1799"]
[BlackElo "1954"]
[Annotator "Gabriele Ballarin"]
[PlyCount "85"]
[EventDate "2005.12.10"]
[EventType "swiss"]
[EventRounds "6"]
[EventCountry "ITA"]

1. e4 c5 2. Nc3 e6 3. Nf3 Nc6 4. d4 cxd4 5. Nxd4 a6 6. Be3 Bb4 7. Bd3 Nge7 8. O-O Bxc3 9. bxc3 d5 10. f4 dxe4 11. Bxe4 Nd5 12. Nxc6 bxc6 13. Bd4 O-O 14. Qh5 f5 15. Bd3 Qe7 16. a4 Nf6 17. Qf3 Bd7 18. Rfe1 Qf7 19. Rab1 Rfb8 20. a5 Nd5 21. Be5 Rxb1 22. Rxb1 Be8 23. c4 Qa7+ 24. Qf2 Ne7 25. Qxa7 Rxa7 26. Rb8 Kf7 27. Bd4 Rc7 28. Bb6 Rd7 29. Ra8 Ng6 30. g3 e5 31. Bxf5 Rd1+ 32. Kg2 exf4 33. gxf4 Nh4+ 34. Kf2 Nxf5 35. Rxa6 Rd2+ 36. Kg1 c5 37. Bxc5 Rxc2 38. Ra7+ Ke6 39. Ra8 Bc6 40. Rc8 Kd7 41. Rf8 Ke6 42. a6 Rxc4 43. Bb6 0-1

[Event "8.Open B Week-End"]
[Site "Padova"]
[Date "2005.12.11"]
[Round "3.26"]
[White "Padoan, Riccardo"]
[Black "Pelosin, Matteo"]
[Result "0-1"]
[WhiteElo "1455"]
[BlackElo "1769"]
[Annotator "Gabriele Ballarin"]
[PlyCount "21"]
[EventDate "2005.12.10"]
[EventType "swiss"]
[EventRounds "6"]
[EventCountry "ITA"]

1. e4 e6 2. d4 d5 3. exd5 exd5 4. Nf3 Bg4 5. Be2 Bd6 6. O-O Ne7 7. Re1 O-O 8. Ne5 Bxe2 9. Qxe2 Nd7 10. Qg4 Nf6 11. Qg3 0-1

[Event "8.Open B Week-End"]
[Site "Padova"]
[Date "2005.12.11"]
[Round "3.27"]
[White "Biserni, Federica"]
[Black "Rigoni, Vinicio"]
[Result "0-1"]
[WhiteElo "1401"]
[BlackElo "1733"]
[Annotator "Gabriele Ballarin"]
[PlyCount "90"]
[EventDate "2005.12.10"]
[EventType "swiss"]
[EventRounds "6"]
[EventCountry "ITA"]

1. e4 c6 2. d4 d5 3. Nc3 dxe4 4. Nxe4 Nd7 5. Nf3 Ngf6 6. Bd3 Nxe4 7. Bxe4 Nf6 8. Bd3 Bg4 9. Be2 e6 10. O-O h6 11. c4 Bd6 12. Ne5 Bxe5 13. dxe5 Qxd1 14. Bxd1 Bxd1 15. exf6 Be2 16. fxg7 Rg8 17. Re1 Bxc4 18. Bxh6 f6 19. Re4 Bd5 20. Rg4 Kf7 21. b3 e5 22. Re1 Be6 23. Rg3 Rad8 24. a4 Rd4 25. Kf1 Rh4 26. Be3 Rxh2 27. Kg1 Rh7 28. Bxa7 Rhxg7 29. Rxg7+ Rxg7 30. b4 Bd5 31. f3 Bxf3 32. Re3 Bxg2 33. Kf2 Bd5 34. Rg3 Rxg3 35. Kxg3 Ke6 36. Kf2 f5 37. Ke2 f4 38. Bb8 Bc4+ 39. Kf3 Kf5 40. Kf2 e4 41. Ke1 e3 42. Ba7 Ke4 43. Bb8 f3 44. Bg3 Kd4 45. Bh4 Kc3 0-1

[Event "8.Open B Week-End"]
[Site "Padova"]
[Date "2005.12.11"]
[Round "3.28"]
[White "De Biaggi, Paolo"]
[Black "Peluso, Lorenzo"]
[Result "1-0"]
[WhiteElo "1877"]
[BlackElo "1428"]
[Annotator "Gabriele Ballarin"]
[PlyCount "69"]
[EventDate "2005.12.10"]
[EventType "swiss"]
[EventRounds "6"]
[EventCountry "ITA"]

1. e4 c6 2. d4 d5 3. exd5 cxd5 4. Bd3 Nc6 5. c3 Nf6 6. Ne2 Bg4 7. f3 Bh5 8. Nf4 e6 9. Qe2 Bd6 10. Nxh5 Nxh5 11. g3 Bxg3+ 12. hxg3 Nxg3 13. Qg2 Nxh1 14. Qxh1 f6 15. Qh5+ Kd7 16. Bf4 Qe7 17. Na3 a6 18. O-O-O Rae8 19. c4 Nb4 20. cxd5 Nxd5 21. Bd2 Rc8+ 22. Kb1 g6 23. Qh6 Rc7 24. Bxg6 Kd6 25. Bd3 b5 26. Qh2+ Kd7 27. Ba5 Rc6 28. Nc2 Rhc8 29. Qxh7 Qxh7 30. Bxh7 f5 31. Nb4 Ne3 32. Re1 Ng2 33. Nxc6 Nxe1 34. Ne5+ Kd6 35. Bxe1 1-0

[Event "8.Open B Week-End"]
[Site "Padova"]
[Date "2005.12.11"]
[Round "3.29"]
[White "Vaglio, Alessandro"]
[Black "Andolfatto, Biagio"]
[Result "1-0"]
[WhiteElo "1661"]
[BlackElo "1675"]
[Annotator "Gabriele Ballarin"]
[PlyCount "89"]
[EventDate "2005.12.10"]
[EventType "swiss"]
[EventRounds "6"]
[EventCountry "ITA"]

1. e4 c5 2. Nf3 d6 3. d4 cxd4 4. Nxd4 Nf6 5. Nc3 a6 6. Be3 e6 7. Be2 Be7 8. Qd2 O-O 9. O-O-O b5 10. a3 Bb7 11. f3 Nc6 12. g4 b4 13. Nxc6 Bxc6 14. axb4 Qb8 15. g5 Nd7 16. Na2 Rc8 17. Bf4 Ba4 18. Bd3 Qb7 19. Kb1 Rab8 20. b3 e5 21. Be3 Bc6 22. Bc4 a5 23. bxa5 Bxe4 24. Bxf7+ Kxf7 25. fxe4 Rxc2 26. Qxc2 Qxb3+ 27. Qxb3+ Rxb3+ 28. Kc2 Rxe3 29. Rhe1 Ra3 30. Nc3 Rxa5 31. h4 Nb6 32. Rb1 Nc4 33. Rb7 Na3+ 34. Kd3 Ke8 35. Nd5 Bd8 36. Rxg7 Nb5 37. Rxh7 Ra3+ 38. Ke2 Nd4+ 39. Kf2 Ra2+ 40. Kg3 Ra3+ 41. Kg4 Rf3 42. g6 Rf8 43. g7 Rg8 44. Rf1 Ne6 45. Rh8 1-0

[Event "8.Open B Week-End"]
[Site "Padova"]
[Date "2005.12.11"]
[Round "3.30"]
[White "Bano, Paolo"]
[Black "Di Mauro, Valerio"]
[Result "1-0"]
[WhiteElo "1434"]
[BlackElo "1526"]
[Annotator "Gabriele Ballarin"]
[PlyCount "89"]
[EventDate "2005.12.10"]
[EventType "swiss"]
[EventRounds "6"]
[EventCountry "ITA"]

1. e4 c6 2. Nc3 d5 3. Qf3 d4 4. Bc4 e6 5. Nce2 b5 6. Bd3 e5 7. a4 Qa5 8. b3 Nf6 9. Ba3 Bxa3 10. Rxa3 Ba6 11. Ra1 Nbd7 12. Qg3 O-O 13. Nf3 b4 14. Bxa6 Qxa6 15. d3 Rfe8 16. Nh4 g6 17. Nf5 Kf8 18. Nh6 c5 19. f4 Nh5 20. Qh3 Qf6 21. Ng4 Qg7 22. O-O exf4 23. Nxf4 Nxf4 24. Rxf4 Ne5 25. Raf1 f5 26. Nxe5 Rxe5 27. exf5 Kg8 28. fxg6 Qxg6 29. Rf6 Qg7 30. Qf3 Rae8 31. h3 Re3 32. Qg4 Qxg4 33. hxg4 Re2 34. R6f2 Rxf2 35. Kxf2 Rf8+ 36. Ke2 Re8+ 37. Kd2 Re5 38. Rf5 Rxf5 39. gxf5 Kf7 40. Ke2 Kf6 41. g4 h5 42. gxh5 Kxf5 43. h6 Kg6 44. h7 Kxh7 45. Kf3 1-0

[Event "8.Open B Week-End"]
[Site "Padova"]
[Date "2005.12.11"]
[Round "3.31"]
[White "Boni, Gianni"]
[Black "Negro, Raffaele"]
[Result "1-0"]
[WhiteElo "1640"]
[BlackElo "1766"]
[Annotator "Gabriele Ballarin"]
[PlyCount "71"]
[EventDate "2005.12.10"]
[EventType "swiss"]
[EventRounds "6"]
[EventCountry "ITA"]

1. b3 e5 2. Bb2 d6 3. e3 Nc6 4. Bb5 Bd7 5. Nf3 Nf6 6. d3 a6 7. Bxc6 Bxc6 8. Nbd2 b5 9. a3 g6 10. O-O Bg7 11. c4 O-O 12. Qc2 Bb7 13. Rfc1 c5 14. d4 cxd4 15. exd4 bxc4 16. bxc4 e4 17. Ne1 Qe7 18. Nf1 Ng4 19. h3 Nh6 20. Rab1 Nf5 21. d5 Bc8 22. Bxg7 Nxg7 23. c5 dxc5 24. Qxc5 Qd7 25. Qc6 Ra7 26. Rb8 Qxc6 27. Rxc6 Bd7 28. Rcb6 Rxb8 29. Rxb8+ Ne8 30. Nc2 f5 31. Nb4 Kf7 32. Ne3 Nf6 33. Nc6 Rc7 34. Rb6 a5 35. Ne5+ Ke7 36. d6+ 1-0

[Event "8.Open B Week-End"]
[Site "Padova"]
[Date "2005.12.11"]
[Round "3.32"]
[White "Jimchi, Abdelaziz"]
[Black "Cestonaro, Federico"]
[Result "0-1"]
[WhiteElo "1763"]
[BlackElo "1601"]
[Annotator "Gabriele Ballarin"]
[PlyCount "58"]
[EventDate "2005.12.10"]
[EventType "swiss"]
[EventRounds "6"]
[EventCountry "ITA"]

1. Nf3 Nf6 2. g3 d5 3. Bg2 Bf5 4. O-O h6 5. d3 e6 6. Nbd2 Bc5 7. b3 c6 8. Bb2 Nbd7 9. Qe1 O-O 10. e4 dxe4 11. dxe4 Bh7 12. c4 Qb6 13. a3 a5 14. e5 Ng4 15. h3 Nxf2 16. Rxf2 Bxf2+ 17. Qxf2 Qxf2+ 18. Kxf2 Nc5 19. Bf1 Rfd8 20. Bd4 Nd3+ 21. Ke3 c5 22. Bc3 b6 23. Ne4 Bxe4 24. Kxe4 Nf2+ 25. Kf4 g5+ 26. Nxg5 hxg5+ 27. Kxg5 Ne4+ 28. Kf4 Nxc3 29. Rc1 Rd1 0-1

[Event "8.Open B Week-End"]
[Site "Padova"]
[Date "2005.12.11"]
[Round "3.33"]
[White "Di Cerbo, Giulia"]
[Black "Barbetta, Cosimo"]
[Result "1-0"]
[WhiteElo "1727"]
[BlackElo "1586"]
[Annotator "Gabriele Ballarin"]
[PlyCount "85"]
[EventDate "2005.12.10"]
[EventType "swiss"]
[EventRounds "6"]
[EventCountry "ITA"]

1. d4 Nf6 2. Bf4 d5 3. Nf3 Nc6 4. e3 e6 5. c3 h6 6. Bd3 Bd6 7. Bg3 Ne4 8. Qe2 f5 9. Nbd2 Bd7 10. a3 Qf6 11. c4 O-O-O 12. Bxd6 cxd6 13. cxd5 exd5 14. Rc1 Kb8 15. b4 Rhe8 16. Nb3 g5 17. b5 Ne7 18. O-O g4 19. Nfd2 Qg5 20. Qe1 b6 21. a4 Rc8 22. Nxe4 fxe4 23. Be2 Nf5 24. Qd2 Nh4 25. Qb4 Qg6 26. a5 Kb7 27. axb6 axb6 28. Na5+ Kb8 29. Qa3 Nf3+ 30. Kh1 Nd2 31. Ra1 Kc7 32. Qc3+ Nc4 33. Nxc4 dxc4 34. Qxc4+ Kd8 35. Qb4 Qe6 36. Ra6 Rb8 37. Rc1 Bc8 38. Qc3 Re7 39. Ra4 Rbb7 40. Rc4 Bd7 41. Rc7 Be8 42. Rc8+ Kd7 43. Qc6# 1-0

[Event "8.Open B Week-End"]
[Site "Padova"]
[Date "2005.12.11"]
[Round "3.34"]
[White "Levorin, Fabrizio"]
[Black "Benedetti, Maurizio"]
[Result "1/2-1/2"]
[WhiteElo "1700"]
[BlackElo "1559"]
[Annotator "Gabriele Ballarin"]
[PlyCount "39"]
[EventDate "2005.12.10"]
[EventType "swiss"]
[EventRounds "6"]
[EventCountry "ITA"]

1. e4 e5 2. Nf3 Nc6 3. d4 exd4 4. Nxd4 Nxd4 5. Qxd4 d6 6. Nc3 Nf6 7. Bg5 Be7 8. Bc4 Be6 9. Bxe6 fxe6 10. Rd1 e5 11. Qc4 Nh5 12. Bxe7 Kxe7 13. Nb5 Nf6 14. Nxc7 Rc8 15. Nd5+ Nxd5 16. Qxd5 Rxc2 17. Qxb7+ Qd7 18. Qb3 Qc7 19. O-O Rb8 20. Qg3 {=} 1/2-1/2

[Event "8.Open B Week-End"]
[Site "Padova"]
[Date "2005.12.11"]
[Round "3.35"]
[White "Battiston, Gianfranco"]
[Black "Baschirotto, Marco Dante"]
[Result "0-1"]
[WhiteElo "1685"]
[BlackElo "1544"]
[Annotator "Gabriele Ballarin"]
[PlyCount "94"]
[EventDate "2005.12.10"]
[EventType "swiss"]
[EventRounds "6"]
[EventCountry "ITA"]

1. e4 d6 2. Nf3 Nf6 3. Nc3 g6 4. Bc4 Bg7 5. O-O O-O 6. Re1 Bg4 7. h3 Bxf3 8. Qxf3 Nc6 9. Qd1 Nd7 10. Ne2 a6 11. a3 b5 12. Bd5 Ndb8 13. d3 e6 14. Ba2 Nd7 15. c3 Rc8 16. Bg5 Qxg5 17. f4 Qc5+ 18. Kh1 Ne7 19. Ng3 d5 20. d4 Qa7 21. f5 c6 22. fxe6 fxe6 23. Qg4 Nb6 24. Qxe6+ Kh8 25. exd5 Nbxd5 26. Ne4 Nf5 27. Nc5 Qa8 28. Bxd5 cxd5 29. Nd7 Rfe8 30. Qb6 Ng3+ 31. Kh2 Ne4 32. Rf1 Rc6 33. Qa5 Nf6 34. Ne5 Rce6 35. Nf7+ Kg8 36. Ng5 Qb8+ 37. Kg1 Qb6 38. Qb4 Re2 39. c4 h6 40. Nf3 Ne4 41. Qb3 Qd6 42. Ne5 Bxe5 43. dxe5 Qc5+ 44. Kh2 Nd2 45. Qd1 Nxf1+ 46. Qxf1 R2xe5 47. cxb5 axb5 {Nur} 0-1

[Event "8.Open B Week-End"]
[Site "Padova"]
[Date "2005.12.11"]
[Round "3.36"]
[White "Vastano, Ciro"]
[Black "Scandiuzzi, Roberto"]
[Result "1-0"]
[WhiteElo "1682"]
[BlackElo "1491"]
[Annotator "Gabriele Ballarin"]
[PlyCount "41"]
[EventDate "2005.12.10"]
[EventType "swiss"]
[EventRounds "6"]
[EventCountry "ITA"]

1. d4 e6 2. Nf3 Nf6 3. Bg5 Be7 4. Nbd2 d5 5. e3 a6 6. Bd3 Nbd7 7. O-O O-O 8. c3 c5 9. Qe2 c4 10. Bc2 h6 11. Bxf6 Nxf6 12. e4 Re8 13. Ne5 Nh7 14. f4 Bd6 15. Rf3 dxe4 16. Qxe4 f5 17. Qe2 b5 18. Rg3 Bb7 19. Qh5 Nf6 20. Qf7+ Kh8 21. Qxg7# 1-0

[Event "8.Open B Week-End"]
[Site "Padova"]
[Date "2005.12.11"]
[Round "3.38"]
[White "Chiodini, Sebastiano"]
[Black "Alessi, Giovanni"]
[Result "1-0"]
[WhiteElo "1419"]
[BlackElo "1640"]
[Annotator "Gabriele Ballarin"]
[PlyCount "65"]
[EventDate "2005.12.10"]
[EventType "swiss"]
[EventRounds "6"]
[EventCountry "ITA"]

1. e4 e5 2. Nf3 d5 3. exd5 e4 4. Nd4 Qxd5 5. Nb3 Nf6 6. Nc3 Qe5 7. Be2 Bd6 8. d3 exd3 9. Qxd3 O-O 10. g3 Bf5 11. Qd1 Bb4 12. Bd2 Re8 13. a3 Bxc3 14. Bxc3 Qe4 15. Rf1 Ng4 16. f3 Qe6 17. fxg4 Bxg4 18. Rf2 Nc6 19. Kf1 Qe4 20. Bf3 Bh3+ 21. Kg1 Qg6 22. Re2 Red8 23. Qe1 h5 24. Rd1 h4 25. Rxd8+ Rxd8 26. Re8+ Rxe8 27. Qxe8+ Kh7 28. Be4 Bf5 29. Bxf5 Qxf5 30. Qe2 h3 31. Qd3 Ne7 32. Qxf5+ Nxf5 33. Kf2 {Nur} 1-0

[Event "8.Open B Week-End"]
[Site "Padova"]
[Date "2005.12.17"]
[Round "4.1"]
[White "Carini, Massimo"]
[Black "Caruso, Augusto"]
[Result "0-1"]
[WhiteElo "2140"]
[BlackElo "2244"]
[Annotator "Gabriele Ballarin"]
[PlyCount "67"]
[EventDate "2005.12.10"]
[EventType "swiss"]
[EventRounds "6"]
[EventCountry "ITA"]

1. e4 c6 2. c4 d5 3. exd5 cxd5 4. cxd5 Qxd5 5. Nc3 Qa5 6. d4 Nf6 7. Bc4 Ne4 8. Qf3 Nd6 9. Bb3 Nc6 10. Nge2 Qf5 11. Qxf5 Bxf5 12. O-O g6 13. d5 Ne5 14. Ng3 Bd7 15. Bf4 Bg7 16. Rfe1 Nec4 17. Nce4 Nxe4 18. Bxc4 Nxg3 19. hxg3 Rc8 20. Bd3 Bxb2 21. Rab1 Bc3 22. Rec1 b6 23. Rb3 Bd4 24. Rxc8+ Bxc8 25. Bb8 O-O 26. Bxa7 Bb7 27. Be4 Rd8 28. Bxb6 Bxb6 29. Rxb6 Bxd5 30. Bxd5 Rxd5 31. Rb8+ Kg7 32. Ra8 Rd2 33. f3 h5 34. a4 {Nur} 0-1

[Event "8.Open B Week-End"]
[Site "Padova"]
[Date "2005.12.17"]
[Round "4.2"]
[White "Bonafede, Alessandro"]
[Black "Xia, Jie"]
[Result "1-0"]
[WhiteElo "2147"]
[BlackElo "2111"]
[Annotator "Gabriele Ballarin"]
[PlyCount "71"]
[EventDate "2005.12.10"]
[EventType "swiss"]
[EventRounds "6"]
[EventCountry "ITA"]

1. e4 c5 2. Nf3 e6 3. d4 cxd4 4. Nxd4 a6 5. Nc3 b5 6. Bd3 Qc7 7. O-O Nf6 8. Qe2 d6 9. Be3 Bb7 10. f3 Nbd7 11. Bf2 Be7 12. Rfe1 O-O 13. a4 bxa4 14. Nxa4 Nc5 15. Nxc5 dxc5 16. Nb3 a5 17. Bb5 Rfd8 18. Ra4 Ra7 19. Rea1 Rda8 20. Qc4 Bd6 21. g3 Ba6 22. Rxa5 Bxb5 23. Qxb5 Nd7 24. Rxa7 Rxa7 25. Rxa7 Qxa7 26. Kg2 h6 27. Na5 Qc7 28. Qc6 Kf8 29. Qxc7 Bxc7 30. Nc4 Ke8 31. f4 Kd8 32. Kf3 Kc8 33. e5 Kb7 34. Ke4 Kc6 35. g4 f5+ 36. gxf5 1-0

[Event "8.Open B Week-End"]
[Site "Padova"]
[Date "2005.12.17"]
[Round "4.3"]
[White "Dvirnyy, Danyyil"]
[Black "Lavric, Mihail"]
[Result "1-0"]
[WhiteElo "2272"]
[BlackElo "1971"]
[Annotator "Gabriele Ballarin"]
[PlyCount "123"]
[EventDate "2005.12.10"]
[EventType "swiss"]
[EventRounds "6"]
[EventCountry "ITA"]

1. e4 c5 2. Nf3 Nc6 3. d4 cxd4 4. Nxd4 e5 5. Nb5 a6 6. Nd6+ Bxd6 7. Qxd6 Qf6 8. Qd1 Qg6 9. Nc3 Nge7 10. h4 h5 11. Bg5 d6 12. Be2 Be6 13. O-O Rd8 14. Nd5 Rd7 15. Bd3 f6 16. Be3 f5 17. exf5 Bxf5 18. Bxf5 Nxf5 19. Bg5 O-O 20. c3 Rdf7 21. Qb3 Kh7 22. Rad1 Nd8 23. Ne3 Ne6 24. Nxf5 Qxf5 25. Rxd6 Nxg5 26. hxg5 Qxg5 27. Qc2+ g6 28. Qd2 Qf5 29. Qe2 e4 30. Rd4 Re8 31. Re1 Ref8 32. Rd2 Re8 33. Qe3 Rfe7 34. c4 Re5 35. Rd4 R5e7 36. b4 Re5 37. a3 R8e7 38. Re2 Re8 39. Red2 R8e7 40. Re2 Re8 41. c5 Qg4 42. Red2 Rg5 43. Rd7+ Kh6 44. g3 h4 45. R2d5 Rh8 46. Qxg5+ Qxg5 47. Rxg5 Kxg5 48. gxh4+ Kxh4 49. Rxb7 Kg4 50. Kg2 Rd8 51. Re7 Kf4 52. c6 Rd2 53. a4 g5 54. c7 Rc2 55. b5 axb5 56. axb5 g4 57. b6 g3 58. Rxe4+ Kxe4 59. Kxg3 Rc6 60. b7 Rg6+ 61. Kh2 Kf3 62. c8=Q 1-0